00263nam a22000737a 4500008004100000040005500041245005000096260004300146240730b |||||||| |||| 00| 0 eng d aNational Science LibrarycNational Science Library aTreatise on materials science and technology  aLondon: bAcademic Press, Inc., c1985